| 000 | 00849nam a2200241 i 4500 | ||
|---|---|---|---|
| 001 | 66023 | ||
| 003 | ES-MaACL | ||
| 005 | 20230906165527.0 | ||
| 007 | t| | ||
| 008 | 040126s1982 sp ||||1| spa d | ||
| 245 | 0 | 0 |
_aFundamentos del desarrollo del lenguaje / _ccompilación de Eric H. Lenneberg y Elizabeth Lenneberg ; versión de Pilar Solo, María Eugenia Sebastián, Cristina del Barrio. |
| 260 |
_a[Madrid] : _bAlianza, _c[1982] |
||
| 300 |
_a612 p. ; _c23 cm. |
||
| 490 | 1 | _aAlianza universidad. Textos | |
| 700 | 1 |
_aLenneberg, Eric H. _971530 |
|
| 700 | 1 |
_aLenneberg, Elizabeth. _971529 |
|
| 700 | 1 |
_aSolo, Pilar. _9107235 |
|
| 700 | 1 |
_aSebastián, María Eugenia. _9105007 |
|
| 700 | 1 |
_aBarrio, Cristina del. _925992 |
|
| 830 | 0 |
_aAlianza universidad. Textos _9177885 |
|
| 852 |
_aES-MaACL _jL-2231 _bR.102999 |
||
| 999 |
_c66023 _d66023 |
||